| 000 -LEADER |
| fixed length control field |
00405cam a22001097a 4500 |
| 008 - FIXED-LENGTH DATA ELEMENTS--GENERAL INFORMATION |
| fixed length control field |
180718b1972 xxu||||| |||| 00| 0 eng d |
| 082 ## - DEWEY DECIMAL CLASSIFICATION NUMBER |
| Classification number |
R2303x5452 T152r/1968 |
| 245 ## - TITLE STATEMENT |
| Title |
Report on the working of theminimum wages act in the state of Tamil NAdu |
| Statement of responsibility, etc. |
by Commissioner of Labour |
| 260 ## - PUBLICATION, DISTRIBUTION, ETC. |
| Place of publication, distribution, etc. |
Tamilnadu |
| Name of publisher, distributor, etc. |
The Director of Stationery And Printing |
| Date of publication, distribution, etc. |
1972 |
| 300 ## - PHYSICAL DESCRIPTION |
| Extent |
38p. |
| 700 ## - ADDED ENTRY--PERSONAL NAME |
| Personal name |
Chennai. Commissioner of Labour |